[Event "Foment Martinenc op-C 17th"]
[Site "Barcelona"]
[Date "2015.05.23"]
[Round "5"]
[White "Marzo Ruiz, Xavier"]
[Black "Rodriguez Torres, Jordi"]
[Result "1/2-1/2"]
[WhiteElo "1697"]
[BlackElo "1749"]
[PlyCount "103"]
[EventDate "2015.04.25"]
[EventType "swiss"]
[EventRounds "9"]
[EventCountry "ESP"]
[SourceTitle "EXT 2017"]
[Source "ChessBase"]
[SourceDate "2016.10.25"]
[SourceVersion "1"]
[SourceVersionDate "2016.10.25"]
[SourceQuality "1"]

1. e4 e5 2. Nf3 Nc6 3. d4 exd4 4. Nxd4 Bc5 5. Be3 Qf6 6. c3 Nge7 7. Bc4 0-0 8. 0-0 a6 9. Nxc6 Qxc6 10. Bd5 Nxd5 11. exd5 Qd6 12. c4 Bxe3 13. fxe3 Qe5 14. Qd4 Re8 15. Nc3 Qxe3+ 16. Qxe3 Rxe3 17. Rae1 Rxe1 18. Rxe1 Kf8 19. d6 c5 20. Na4 b5 21. Nxc5 bxc4 22. Re7 Ra7 23. Kf2 Rc7 24. dxc7 Kxe7 25. Ke3 d6 26. Na4 Kd7 27. Nb6+ Kxc7 28. Nxc4 Be6 29. b3 Kc6 30. Kd4 f5 31. g3 g5 32. a4 h5 33. b4 Bxc4 34. Kxc4 f4 35. b5+ axb5+ 36. axb5+ Kb6 37. gxf4 gxf4 38. Kd4 Kxb5 39. Ke4 Kc5 40. Kxf4 d5 41. Ke3 Kc4 42. Kd2 d4 43. Kc2 h4 44. h3 d3+ 45. Kd2 Kd4 46. Kd1 Ke3 47. Ke1 d2+ 48. Kd1 Kf3 49. Kxd2 Kg3 50. Ke2 Kxh3 51. Kf2 Kh2 52. Kf3 1/2-1/2

[Event "Foment Martinenc op-C 17th"]
[Site "Barcelona"]
[Date "2015.05.02"]
[Round "2"]
[White "Rodriguez Torres, Jordi"]
[Black "Puig Nualart, Adria"]
[Result "0-1"]
[WhiteElo "1749"]
[BlackElo "1832"]
[PlyCount "104"]
[EventDate "2015.04.25"]
[EventType "swiss"]
[EventRounds "9"]
[EventCountry "ESP"]
[SourceTitle "EXT 2017"]
[Source "ChessBase"]
[SourceDate "2016.10.25"]
[SourceVersion "1"]
[SourceVersionDate "2016.10.25"]
[SourceQuality "1"]

1. e4 e5 2. Nf3 Nc6 3. Bc4 Bc5 4. 0-0 Nf6 5. d3 d6 6. Be3 Bb6 7. Nbd2 0-0 8. Re1 Be6 9. Bb3 Qd7 10. h3 Ne7 11. Bg5 Bxb3 12. Bxf6 Be6 13. Bg5 f5 14. Bh4 Ng6 15. Nc4 fxe4 16. Nxb6 axb6 17. dxe4 Qc6 18. Ng5 Qe8 19. Nxe6 Qxe6 20. Bg3 Rxa2 21. Rxa2 Qxa2 22. b3 Qa5 23. f3 Ne7 24. Bh4 Nc6 25. Qd5+ Qxd5 26. exd5 Nd4 27. Ra1 Rb8 28. Ra2 Kf7 29. c3 Nxb3 30. Rb2 Nc5 31. Ra2 b5 32. Bf2 Na4 33. c4 Nc3 34. Rc2 b4 35. Rb2 c5 36. dxc6 bxc6 37. Be1 Nd1 38. Rb3 c5 39. Kf1 Ra8 40. Ke2 Ra1 41. Bd2 Kf6 42. g4 Nc3+ 43. Bxc3 bxc3 44. Rxc3 Rh1 45. Rd3 Ke6 46. Re3 Rxh3 47. Re4 h5 48. gxh5 Rxh5 49. f4 Kf6 50. fxe5+ Rxe5 51. Rxe5 Kxe5 52. Kd3 g5 0-1

[Event "Foment Martinenc op-C 16th"]
[Site "Barcelona"]
[Date "2014.05.31"]
[Round "6"]
[White "Rodriguez Torres, Jordi"]
[Black "Castro Casal, Francisco Javier"]
[Result "1/2-1/2"]
[WhiteElo "1736"]
[BlackElo "1700"]
[PlyCount "71"]
[EventDate "2014.04.26"]
[EventType "swiss"]
[EventRounds "9"]
[EventCountry "ESP"]
[SourceTitle "EXT 2015"]
[Source "ChessBase"]
[SourceDate "2014.11.20"]
[SourceVersion "1"]
[SourceVersionDate "2014.11.20"]
[SourceQuality "1"]

1. e4 c5 2. Nf3 e6 3. Nc3 Nc6 4. Bc4 Nf6 5. 0-0 Be7 6. d4 cxd4 7. Nxd4 d5 8. Bb5 Bd7 9. Re1 Qc7 10. Bxc6 Bxc6 11. exd5 Nxd5 12. Qg4 0-0 13. Nxd5 Bxd5 14. Bf4 Qd8 15. Rad1 Bd6 16. Bg5 Be7 17. Bxe7 Qxe7 18. Nf5 Qf6 19. Ne7+ Qxe7 20. Rxd5 Rfd8 21. Qg5 Qxg5 22. Rxg5 Rd2 23. Rc5 Rad8 24. Kf1 g6 25. b4 b6 26. Rc7 R8d7 27. Rxd7 Rxd7 28. Ke2 Kg7 29. Rd1 Rxd1 30. Kxd1 Kf6 31. Kd2 Ke5 32. Kd3 Kd6 33. c4 e5 34. f3 f5 35. a4 h5 36. h4 1/2-1/2

[Event "Foment Martinenc op-C 16th"]
[Site "Barcelona"]
[Date "2014.05.03"]
[Round "2"]
[White "Salvador Sanchez, Ricardo"]
[Black "Rodriguez Torres, Jordi"]
[Result "1-0"]
[WhiteElo "1793"]
[BlackElo "1736"]
[PlyCount "77"]
[EventDate "2014.04.26"]
[EventType "swiss"]
[EventRounds "9"]
[EventCountry "ESP"]
[SourceTitle "EXT 2015"]
[Source "ChessBase"]
[SourceDate "2014.11.20"]
[SourceVersion "1"]
[SourceVersionDate "2014.11.20"]
[SourceQuality "1"]

1. f4 d5 2. e3 Nf6 3. b3 g6 4. Bb2 Bg7 5. Bd3 0-0 6. Nf3 b6 7. 0-0 Ba6 8. Qe2 Bxd3 9. Qxd3 Nc6 10. a3 Na5 11. Nc3 a6 12. Rab1 c5 13. Qe2 b5 14. d3 c4 15. b4 Nc6 16. dxc4 bxc4 17. Rfd1 e6 18. Na4 Qc7 19. Nc5 Ne4 20. Bxg7 Kxg7 21. Nxe4 dxe4 22. Ng5 e5 23. Qxc4 exf4 24. Qxe4 fxe3 25. Qxe3 Rae8 26. Qc3+ Kg8 27. Rf1 Re5 28. Nf3 Qb6+ 29. Kh1 Re3 30. Qf6 Re6 31. Qg5 Re3 32. Qh6 f6 33. Ng5 Qa7 34. Nxh7 Rfe8 35. Nxf6+ Kf7 36. Nxe8+ Kxe8 37. Qf8+ Kd7 38. Rbd1+ Ke6 39. Qf6# 1-0

[Event "Foment Martinenc op-B 15th"]
[Site "Barcelona"]
[Date "2013.04.20"]
[Round "1"]
[White "Ortega Blasi, Andreu"]
[Black "Rodriguez Torres, Jordi"]
[Result "1-0"]
[WhiteElo "1367"]
[BlackElo "1700"]
[PlyCount "63"]
[EventDate "2013.04.20"]
[EventType "swiss"]
[EventRounds "9"]
[EventCountry "ESP"]
[SourceTitle "CBM 154 Extra"]
[Source "ChessBase"]
[SourceDate "2013.06.25"]
[SourceVersion "2"]
[SourceVersionDate "2013.06.25"]
[SourceQuality "1"]

1. c4 e5 2. g3 Nf6 3. Bg2 Bb4 4. a3 Ba5 5. b4 Bb6 6. c5 Bxc5 7. bxc5 0-0 8. d3 Nc6 9. Bb2 d6 10. cxd6 Qxd6 11. Nf3 Qc5 12. 0-0 Bg4 13. Nbd2 Bxf3 14. Bxf3 Rad8 15. Rc1 Qd6 16. Nc4 Qe6 17. Bxc6 bxc6 18. Nxe5 Rfe8 19. Rxc6 Qh3 20. Nf3 Ng4 21. Rxc7 Re3 22. Rxf7 Rxf3 23. Rxg7+ Kf8 24. Rxg4 Qxg4 25. exf3 Qh3 26. Qa4 Rd5 27. Qf4+ Rf5 28. Qb8+ Kf7 29. Qxa7+ Kg6 30. Qg7+ Kh5 31. Qxh7+ Kg5 32. Qxh3 1-0